=LDR 00000nam 2200000 4500 =001 NUTBA000000000005871 =005 20141112102338.0 =006 =007 =008 =020 ##$$a 979-404-314-1 =035 ##$$a 0010-111400000000350 =040 ##$$a NBPDMAT =090 ##$$a 581 $b Bot b =245 ##$$a Botani umum/ $c H. Siti Sutarmi Tjitrosomo... [et.all] =260 ##$$a Bandung : $b Angkasa, $c [20..?] =300 ##$$a ... Jil. : ilus. ; 20 cm. =500 ##$$a Yang diterima : Jil. 4 =650 ##$$a Botani =700 ##$$a H. Siti Sutarmi Tjitrosomo =850 ##$$a NBPDMAT